<?xml version="1.0" encoding="UTF-8"?>
<record
    xmlns:xsi="http://www.w3.org/2001/XMLSchema-instance"
    xsi:schemaLocation="http://www.loc.gov/MARC21/slim http://www.loc.gov/standards/marcxml/schema/MARC21slim.xsd"
    xmlns="http://www.loc.gov/MARC21/slim">

  <leader>01194nam a22002657a 4500</leader>
  <controlfield tag="001">CFM_9265</controlfield>
  <controlfield tag="003">FranzMayer</controlfield>
  <controlfield tag="005">20230719122203.0</controlfield>
  <controlfield tag="008">230719b        |||||||| |||| 00| 0 eng d</controlfield>
  <datafield tag="040" ind1=" " ind2=" ">
    <subfield code="a">MFM</subfield>
    <subfield code="b">esp</subfield>
    <subfield code="c">MFM</subfield>
  </datafield>
  <datafield tag="050" ind1=" " ind2="4">
    <subfield code="a">LM16</subfield>
    <subfield code="b">T57 1786</subfield>
  </datafield>
  <datafield tag="082" ind1=" " ind2=" ">
    <subfield code="2">R148</subfield>
  </datafield>
  <datafield tag="100" ind1="1" ind2=" ">
    <subfield code="4">Autor</subfield>
    <subfield code="a">Tissot, Mr.</subfield>
    <subfield code="9">28841</subfield>
  </datafield>
  <datafield tag="240" ind1="1" ind2=" ">
    <subfield code="a">Aviso a los literatos y poderosos acerca de su salud </subfield>
    <subfield code="h">Tratados de las enfermedades m&#xE1;s comunes &#xE1; esta clase de personas</subfield>
    <subfield code="l">esp</subfield>
  </datafield>
  <datafield tag="245" ind1="0" ind2=" ">
    <subfield code="a">Aviso a los literatos y poderosos acerca de su salud </subfield>
    <subfield code="b">Tratados de las enfermedades m&#xE1;s comunes &#xE1; esta clase de personas</subfield>
  </datafield>
  <datafield tag="260" ind1=" " ind2=" ">
    <subfield code="a">Madrid, Espa&#xF1;a</subfield>
    <subfield code="b">Imprenta de Benito Cano</subfield>
    <subfield code="c">1986</subfield>
  </datafield>
  <datafield tag="300" ind1=" " ind2=" ">
    <subfield code="a">432 p</subfield>
    <subfield code="c">21 cm</subfield>
  </datafield>
  <datafield tag="500" ind1=" " ind2=" ">
    <subfield code="a">Incluye una nota escrita a mano en la segunda hoja</subfield>
  </datafield>
  <datafield tag="505" ind1="0" ind2=" ">
    <subfield code="a">Texto en: espa&#xF1;olTraducido del fr&#xE1;ncesDirigido a: m&#xE9;dicos, historiadores, soci&#xF3;logos, investigadores, cient&#xED;ficos Incluye &#xED;ndice tem&#xE1;tico</subfield>
  </datafield>
  <datafield tag="600" ind1="1" ind2=" ">
    <subfield code="2">Traductor</subfield>
    <subfield code="a">Galisteo Xiorro, F&#xE9;lix</subfield>
    <subfield code="9">28842</subfield>
  </datafield>
  <datafield tag="650" ind1="1" ind2=" ">
    <subfield code="2">Medicina</subfield>
    <subfield code="a">Historia de la medicina</subfield>
    <subfield code="v">Siglo XVII-XVIII</subfield>
    <subfield code="9">28843</subfield>
  </datafield>
  <datafield tag="651" ind1=" " ind2=" ">
    <subfield code="2">Historia europea</subfield>
    <subfield code="a">Medicina</subfield>
    <subfield code="v">Medicina medieval </subfield>
    <subfield code="9">28844</subfield>
  </datafield>
  <datafield tag="700" ind1="1" ind2=" ">
    <subfield code="4">Trad.</subfield>
    <subfield code="a">Galisteo Xiorro, F&#xE9;lix</subfield>
    <subfield code="9">28845</subfield>
  </datafield>
  <datafield tag="942" ind1=" " ind2=" ">
    <subfield code="2">lcc</subfield>
    <subfield code="c">B</subfield>
  </datafield>
  <datafield tag="999" ind1=" " ind2=" ">
    <subfield code="c">10884</subfield>
    <subfield code="d">10884</subfield>
  </datafield>
  <datafield tag="952" ind1=" " ind2=" ">
    <subfield code="0">0</subfield>
    <subfield code="1">0</subfield>
    <subfield code="2">lcc</subfield>
    <subfield code="4">0</subfield>
    <subfield code="7">0</subfield>
    <subfield code="8">CFM</subfield>
    <subfield code="a">BRCA</subfield>
    <subfield code="b">BRCA</subfield>
    <subfield code="d">2023-07-19</subfield>
    <subfield code="e">Donaci&#xF3;n</subfield>
    <subfield code="l">0</subfield>
    <subfield code="o">LM16 T57 1786</subfield>
    <subfield code="p">CFM00498</subfield>
    <subfield code="r">2023-07-19 00:00:00</subfield>
    <subfield code="w">2023-07-19</subfield>
    <subfield code="y">B</subfield>
  </datafield>
</record>
